| 000 | 01126cam a2200301 a 4500 | ||
|---|---|---|---|
| 005 | 20160713150445.0 | ||
| 008 | 1607 s2007 enkad fr 001 0 eng d | ||
| 010 | _a2006026534 | ||
| 020 | _a0195309286 | ||
| 020 | _a9780195309287 | ||
| 040 |
_aCO-BoUMC _cSaul Niño _dSaul Niño |
||
| 041 | 0 | _aeng | |
| 245 | 0 | 0 |
_aPricing decisions in the euro area _bhow firms set prices and why _cedited by Silvia Fabiani... [y otros.] |
| 260 |
_aOxford (Inglaterra) _aNew York (Estados Unidos) _bOxford University Press _c2007 |
||
| 300 |
_axvi, 292 páginas _bilustraciones, gráficas y tablas |
||
| 500 | _aIncluye índice | ||
| 546 | _aTexto en inglés | ||
| 650 | 7 |
_aPolítica de precios _zPaíses de la Unión Europea _921955 |
|
| 650 | 7 |
_aFijación de precios _915707 |
|
| 650 | 7 |
_aControl de precios _911899 |
|
| 690 | 0 |
_aEconomía _9174 |
|
| 700 | 1 |
_aFabiani, Silvia _eeditor _978144 |
|
| 700 | 1 |
_aLoupias, Claire _eeditor _978145 |
|
| 700 | 1 |
_aMartins, Fernando _eeditor _978146 |
|
| 700 | 1 |
_aSabbatini, Roberto _eeditor _978147 |
|
| 942 |
_2DEWEY _a7 _cLIBRO _e1 _h338.52 _mP947de |
||
| 999 |
_c303555 _d303555 |
||